Statistics for Name every Tour de France polka dot jersey in the decade (2011-2021)

Click here to take the quiz!

General Stats

  • This quiz has been taken 45 times
  • The average score is 8 of 11

Answer Stats

YearPointsCyclist% Correct
2021107Tadej Pogacar
88%
202082Tadej Pogacar
88%
2015119Chris Froome
76%
2014181Rafał Majka
76%
2016209Rafał Majka
76%
201986Romain Bardet
74%
2017169Warren Barguil
74%
2018170Julian Alaphilippe
71%
2013147Nairo Quintana
71%
2012135Thomas Voeckler
60%
2011108Samuel Sánchez
45%

Score Distribution

Percentile by Number Answered

Percent of People with Each Score

Your Score History

You have not taken this quiz